Analýza podnikania vybraného agropodnikateľského subjektu diplomová práca

Na minha lista:
Detalhes bibliográficos
Autor principal: Dráfiová, Agnesa
Autor Corporativo: Obchodná fakulta EU. Katedra služieb a cestovného ruchu - zrušené
Outros Autores: Strážovská, Helena
Formato: Livro
Idioma:eslovaco
Publicado em: Bratislava 2012
Tags: Adicionar Tag
Sem tags, seja o primeiro a adicionar uma tag!

MARC

LEADER 00000nbm a2200000 4500
001 0159198
005 20161109102232.6
041 0 |a slo 
044 |a SK 
245 1 0 |a Analýza podnikania vybraného agropodnikateľského subjektu  |b diplomová práca  |c Agnesa Dráfiová ; školiteľ: Helena Strážovská 
264 1 |a Bratislava  |c 2012 
300 |a 76 s. 
100 1 |a Dráfiová, Agnesa 
700 1 |a Strážovská, Helena 
710 2 |a Obchodná fakulta EU. Katedra služieb a cestovného ruchu - zrušené